01171nam a2200301 u 450000100100000000500170001000800410002702000150006804000250008304100130010808200180012110000260013924000310016524501150019626000290031130000200034049000430036050000360040350400340043950400740047365000420054770000430058983000500063291000390068204900090072195201220073099900170085200002522620200930023637.0110211s1974 es r 001 0 spa d a8471121441 aDO-SdBNPbspacBNPHU17aspahfre a371.26bB640d1 aBonboir, Anna.95170413aLa docimologie.lEspañol13aLa docimología :bproblemática de la evaluación /cAnna Bonboir ; traducción Luis Hernández Alfonso. aMadrid :bMorata,c1974. a238 p ;c21 cm.1 aFilosofía, psicología, pedagogía aTítulo original en francés. aBibliografía : [230]-238 p. aIncluye referencias bibliográficas y notas al pie de las páginas. 4aMediciones y pruebas educativas922231 aHernández Alfonso, Luis,etr.947823 0aFilosofía, psicología, pedagogía951705 aValidado. Control de calidad BNPHU aBNGR 001054708MOaGRbGRcHDd2011-02-11iLF1l0o371.26 B640dp25226-10r2020-06-25w2020-06-25y4ZPréstamo en sala c24719d24719